Conciliación y arbitraje en los conflictos de trabajo : estudio comparativo

Wedi'i Gadw mewn:
Manylion Llyfryddiaeth
Awdur Corfforaethol: OIT
Fformat: Llyfr
Iaith:Spanish
Cyhoeddwyd: Ginebra, Suiza OIT
Rhifyn:1.era edición
Pynciau:
Tagiau: Ychwanegu Tag
Dim Tagiau, Byddwch y cyntaf i dagio'r cofnod hwn!

MARC

LEADER 00000nam a22000007a 4500
003 cru CIDCACS/IIS
005 20220318062535.0
008 170317b1981 SZ ||||| |||| 00| | spa d
020 |a 92-2-302339-4 
040 |c CRAI/IIS  |a CRAI/IIS 
090 |a 05.06.03 O68c 
110 1 |9 3417  |a OIT 
245 1 |a Conciliación y arbitraje en los conflictos de trabajo :  |b estudio comparativo 
250 |a 1.era edición  
260 |a Ginebra, Suiza  |b OIT 
300 |a 191 páginas 
500 |a Colección ALFORJA 
650 1 0 |a TRABAJO  |9 27 
650 1 0 |9 3418  |a ARBITRAJE 
650 1 0 |9 1856  |a ANALISIS COMPARATIVO 
650 1 0 |9 2799  |a RELACIONES LABORALES 
650 1 0 |9 2062  |a SOLUCION DE CONFLICTOS  
942 |2 ddc  |c LI 
999 |c 19018  |d 19018